Hitman 3: Countries Map Quiz - Statistics

General Stats
  • This quiz has been taken 1,432 times
  • The average score is 18 of 24
Answers on the Map
Answers color-coded by a green-red scale on the quiz's map according to % correct below.
 
Answer Stats
Mission Name(s) Country Location % Correct
Freedom Fighters Colorado, United States
97%
The Finish Line Miami, United States
97%
Golden Handshake New York City, United States
97%
Another Life Whittleton Creek, United States
97%
The Showstopper Paris, France
95%
Death in the Family Dartmoor, United Kingdom
90%
Situs Inversus Hokkaido, Japan
90%
The Ark Society Isle of Sgail, United Kingdom (probably)
90%
Apex Predator Berlin, Germany
88%
End of an era Chongqing, China
88%
Chasing a Ghost Mumbai, India
88%
World of Tomorrow Sapienza, Italy
88%
Crime and Punishment Siberia, Russia
80%
The Farewell Mendoza, Argentina
74%
Club 27 Bangkok, Thailand
71%
On Top of the World Dubai, United Arab Emirates
68%
Three Headed Serpent Santa Fortuna, Colombia
68%
A Gilded Cage Marrakesh, Morocco
67%
Nightcall Hawke's Bay, New Zealand
60%
Untouchable Carpathian Mountains, Romania
58%
Freeform Training Greenland, Denmark
42%
The Last Resort Haven Island, Maldives
42%
The Last Yardbird Himmelstein, Austria
42%
The Pen and the Sword Hantu Port, Singapore
30%
No matching quizzes found
Score Distribution
Percent of People with Each Score
Percentile by Number Answered
Your Score History
You have not taken this quiz